MARC

LEADER 00000nam0a2200000 4500
001 74903
005 20231031090028.0
035 |a (RuTPU)RU\TPU\book\79880 
090 |a 74903 
100 |a 20050315d1986 km y0rusy50 ca 
101 0 |a rus 
102 |a RU 
105 |a a z 001zy 
200 1 |a Основы техники фракционной кристаллизации  |f Н. И. Гельперин, Г. А. Носов 
210 |a Москва  |c Химия  |d 1986 
215 |a 304 с.  |c ил. 
225 1 |a Процессы и аппараты химической и нефтехимической технологии 
320 |a Библиогр.: с. 297-304. 
610 1 |a химическая технология 
610 1 |a кристаллизация 
610 1 |a фракционная кристаллизация 
610 1 |a массовая кристаллизация 
610 1 |a фракционное плавление 
675 |a 66.06  |v 3 
700 1 |a Гельперин  |b Н. И.  |g Нисон Ильич 
701 1 |a Носов  |b Г. А.  |g Геннадий Алексеевич 
801 1 |a RU  |b 63413507  |c 20050315  |g PSBO 
801 2 |a RU  |b 63413507  |c 20140703  |g PSBO 
942 |c BK